| 000 | 00720cam a22002297i 4500 | ||
|---|---|---|---|
| 020 |
_a9780198843382 _qpaperback |
||
| 020 |
_a0198843380 _qpaperback |
||
| 082 | 0 | 4 |
_a512.02 _bALC |
| 100 | 1 |
_aAlcock, Lara, _eauthor. |
|
| 245 | 1 | 0 |
_aHow to think about abstract algebra / _cLara Alcock. |
| 250 | _aFirst edition. | ||
| 300 |
_axvii, 288 pages : _billustrations ; _c20 cm |
||
| 504 | _aIncludes bibliographical references (pages 263-276) and index. | ||
| 563 | _aPB | ||
| 650 | 0 | _aAlgebra, Abstract. | |
| 650 | 7 |
_aAlgebra, Abstract. _9130834 |
|
| 942 |
_2ddc _cBK |
||
| 999 |
_c614996 _d614996 |
||